Представление документа в формате RUSMARC

ПолеНазваниеЗначение
  Тип записи c
  Библиографический уровень m
001 Контрольный номер RU/УОНБ/EK_N/619439511
005 Дата корректировки 20250520125405.7
013 Номер (ISMN) __
d Цена 2 р.
100 Данные общей обработки __
a Данные общей обработки 20190818d1957 u y0rusy0189||||ca
101 Язык документа 0_
a Язык текста rus
f Язык титульного листа rus
102 Страна публикации __
a Страна публикации RU
105 Кодированные данные (монография) __
a Кодированные данные (монография) y###||||000|y
125 Кодированные данные звукозаписи и нотных изданий __
a Форма изложения нотного текста с|
128 Кодированные данные (звукозаписи-физические характеристики) __
a Кодированные данные: Музыкальная форма и тональность или лад zz
c Инструменты или голоса, рекомендуемые для солистов (устаревшее) ka||
200 Заглавие и сведения об ответственности 1_
a Заглавие Техника фортепьянной игры
b Общее обозначение материала Ноты
f Первые сведения об ответственности Йожеф Гат
g Последующие сведения об ответственности [авт. предисл. и ред. В. Дельсон]
g Последующие сведения об ответственности [авт. предисл. Й. Гат]
g Последующие сведения об ответственности пер. с венг. Эржебет Фоно
210 Выходные данные 1_
a Место издания Москва
a Место издания Будапешт
c Издательство Музгиз
c Издательство Корвина
d Дата издания 1957
g Типография Атэнэум
215 Физическое описание __
a Объем 232 с.
c Иллюстрации/тип воспроизводства ил., нот. ил., фот.
d Формат 30 см
300 Общие примечания __
a Общие примечания С указателями фотографий выдающихся исполнителей и киноснимков
300 Общие примечания __
a Общие примечания Загл. оригинала : A zongorajatek technikaja
512 Заглавие обложки 1_
a Заглавие обложки Техника фортепьянной игры
600 Персоналии _1
a Персоналии (Фамилия) Гат, Йожеф
606 Тематические рубрики 0_
a Основная рубрика Фортепиано
x Основная подрубрика Техника игры
610 Ключевые слова 0_
a Ключевые слова фортепиано
610 Ключевые слова 0_
a Ключевые слова техника игры
610 Ключевые слова 0_
a Ключевые слова Гат Й.
686 Индексы других классификаций __
a Классификационный индекс 85.954.291(3)
2 Код системы rubbk
700 Автор _1
a Фамилия Гат
b Имя (инициалы) Й.
g Полное личное имя Йожеф
702 Вторичная интеллектуальная ответственность _1
a Фамилия Фоно
b Имя (инициалы) Э.
4 Код отношения 730
702 Вторичная интеллектуальная ответственность _1
a Фамилия Дельсон
b Имя (инициалы) В.
4 Код отношения 340
4 Код отношения 080
801 Источник записи _0
a Страна RU
b Организация Ульяновская ОНБ
c Дата составления 20190818
g Правила каталогизации RCR
801 Источник записи _1
a Страна RU
b Организация Ульяновская ОНБ
c Дата составления 20190818
g Правила каталогизации RCR
901 Тип документа __
t Тип документа m
909 Создатель записи __
a Создатель записи Грязнова И. Е.
938 Служебная информация __
a Имя БД noti
b Имя библиотеки УОНБ
c Имя АИБС МАРК-SQL
d Номер DOC_ID в БД 21032